Catalog

Record Details

Catalog Search



Available copies

  • 1 of 1 copy available at LARL/NWRL Consortium.

Current holds

0 current holds with 1 total copy.

Show Only Available Copies
Location Call Number / Copy Notes Barcode Shelving Location Status Due Date
Warroad Public Library pb SAL (Text) 35500006139123 Main Available -

Record details

  • ISBN: 9781492663539
  • ISBN: 1492663530
  • Physical Description: 372 pages ; 18 cm
  • Publisher: Naperville, Illinois : Sourcebooks Casablanca, an imprint of Sourcebooks Inc., [2019]

Content descriptions

Summary, etc.:
"Dan Amos lost his wife and son years ago, when ... Read More
Subject: Widowers > Fiction.
Widows > Fiction.
Man-woman relationships > Fiction.
Storms > Fiction.
Georgia > Fiction.
Genre: Novels.
Romance fiction.
Love stories.
LDR 01912cam a2200421Ii 4500
001312102
003LARL_NWRL_CONSORTIUM
00520190311161045.0
008181219t20192019ilu 000 1 eng d
040 . ‡aNZLEP ‡beng ‡erda ‡cNZLEP ‡dBDX ‡dHHO ‡dJAO ‡dOF9 ‡dIUK ‡dJBL ‡dQQ3 ‡dJZD ‡dISP ‡dOCLCO ‡dNRG
020 . ‡a9781492663539 ‡q(pbk.)
020 . ‡a1492663530 ‡q(pbk.)
035 . ‡a(OCoLC)1081143819
043 . ‡an-us-ga
08204. ‡a[Fic] ‡223
049 . ‡aNRGA
1001 . ‡aSala, Sharon, ‡eauthor. ‡0(LARL_NWRL_CONSORTIUM)117306
24510. ‡aForever my hero ‡n#7 / ‡cSharon Sala.
264 1. ‡aNaperville, Illinois : ‡bSourcebooks Casablanca, an imprint of Sourcebooks Inc., ‡c[2019]
264 4. ‡c©2019
300 . ‡a372 pages ; ‡c18 cm
336 . ‡atext ‡btxt ‡2rdacontent
337 . ‡aunmediated ‡bn ‡2rdamedia
338 . ‡avolume ‡bnc ‡2rdacarrier
4900 . ‡aBlessings, Georgia ; ‡v7
520 . ‡a"Dan Amos lost his wife and son years ago, when they inadvertently got in the way of a death threat meant for him. He's never had eyes for anyone since, and he doesn't want to. But fellow Blessings resident Alice Conroy sparks something inside him...Newly widowed, Alice was disillusioned by marriage and isn't looking to fall in love anytime soon. Then a tropical storm blazes a path straight for the Georgia coast, and as the town prepares for the worst, Dan opens his heart and his home. The tempest is raging, but Alice and Dan are learning to find shelter...in each other."--back cover
650 0. ‡aWidowers ‡vFiction. ‡0(LARL_NWRL_CONSORTIUM)167915
650 0. ‡aWidows ‡vFiction. ‡0(LARL_NWRL_CONSORTIUM)167902
650 0. ‡aMan-woman relationships ‡vFiction. ‡0(LARL_NWRL_CONSORTIUM)165985
650 0. ‡aStorms ‡vFiction. ‡0(LARL_NWRL_CONSORTIUM)167347
651 0. ‡aGeorgia ‡vFiction. ‡0(LARL_NWRL_CONSORTIUM)165404
655 7. ‡aNovels. ‡2lcgft
655 7. ‡aRomance fiction. ‡2lcgft
655 7. ‡aLove stories. ‡2gsafd
905 . ‡ubacont
901 . ‡a312102 ‡b ‡c312102 ‡tbiblio ‡soclc

Additional Resources